Statistiken für Daten deutscher Geschichte

Klicken Sie hier um das Quiz zu spielen!

Allgemein

  • Dieses Quiz wurde 272 mal gespielt
  • Das Durchschnittsergebnis liegt bei 5 aus 15

Antwortstatistiken

JahrAntwort% Korrekt
1939-1945zweiter Weltkrieg
73%
1618-1648dreißigjähriger Krieg
63%
3.10.1990Wiedervereinigung
62%
1871 (Gründung...)Kaiserreich
61%
30.1.1933Machtergreifung Hitler
53%
962 (Gründung ...)Heiliges römisches Reich
43%
März 1848- Juli 1849Märzrevolution
40%
1815Wiener Kongress
36%
9 n. Chr.Varusschlacht
24%
1832Hambacher Fest
19%
28.6.1919Versailler Vertrag
19%
1925 (Vertrag von ...)Locarno
13%
1923Krisenjahr
8%
20.1.1942Wannseekonferenz
7%
Mai 1955NATO-Beitritt
3%

Verteilung der Resultate

Perzentil nach korrekt beantworteten Fragen

Anzahl Personen mit jedem Resultat

Ihre Resultats-Entwicklung

Sie haben dieses Quiz noch nicht gespielt